Statistiques concernant Culture Générale - Série 2334

Cliquez ici pour prendre le quiz!

Statistiques générales

  • Ce quiz a été pris 103 fois
  • Le résultat moyen est 3 sur 10

Statistiques - réponses

QuestionRéponse% Correct
Quel locution latine en 2 mots signifiant "autre moi" désigne une personne de confiance qu'on peut charger de tout faire à sa place ( synonyme de "bras droit")alter ego
81%
Quelle actrice et chanteuse française est la compagne de l'ancien footballeur Bixente Lizarazu ? prénom et nom - voir photoClaire Keim
53%
C'est un papillon - une personne impassible et énigmatique - une figure fabuleuse de la mythologie.sphinx
35%
Sous quel nom connait-on mieux le composé chimique appelé "ypérite" ? deux motsgaz moutarde
28%
Dans la mythologie égyptienne, quel animal représentait le dieu Apis ?taureau
25%
De quel pays est originaire la course cycliste sur piste appelée "keirin" ?Japon
24%
Complétez le titre de la pièce de théâtre d'Anton Tchekhov de 1897 : "Oncle ...Vania
24%
Dans le langage familier ce terme signifie "Ennuyer, importuner de manière lassante" - 8 lettres commençant par " b "bassiner
21%
Meuble ancien ressemblant à un canapé et sur lequel il est possible de s'assoir, voire de s'allonger, à la manière des Orientaux- 8 lettres commençant par " o "ottomane
16%
Quel fleuve arrose la ville italienne de Vérone ?Adige
7%

Distribution des résultats

Percentile par nombre de réponses

% des personnes avec chaque résultat

Votre développement - résultats

Vous n’avez pas pris ce quiz